[Event "Lansing op"]
[Site "Lansing"]
[Date "2004.09.03"]
[Round "1"]
[White "McLeod, Robert"]
[Black "Aguilar, Javier"]
[Result "0-1"]
[WhiteElo "741"]
[BlackElo "1370"]
[PlyCount "68"]
[EventDate "2004.09.03"]
[EventType "swiss"]
[EventRounds "7"]
[EventCountry "USA"]
[SourceTitle "EXT 2007"]
[Source "ChessBase"]
[SourceDate "2006.11.23"]
[SourceVersion "1"]
[SourceVersionDate "2006.11.23"]
[SourceQuality "1"]

1. e4 g6 2. Nc3 Bg7 3. Nf3 c6 4. Bc4 b5 5. Be2 a6 6. 0-0 Nf6 7. d3 0-0 8. Bg5 Bb7 9. e5 Nd5 10. Nxd5 cxd5 11. d4 Nc6 12. Qd2 Rc8 13. c3 f6 14. exf6 Bxf6 15. Bh6 Rf7 16. Ng5 Bxg5 17. Bxg5 d6 18. Qe3 Rc7 19. Qe6 Bc8 20. Qxd5 Qf8 21. f4 e6 22. Qf3 e5 23. Qh3 Bxh3 24. gxh3 exf4 25. Rf3 Rf5 26. Bh4 Qh6 27. Bf2 Rg5+ 28. Kf1 Rh5 29. Rd1 Rxh3 30. Rxh3 Qxh3+ 31. Ke1 Qxh2 32. d5 Ne5 33. Rc1 Re7 34. Rd1 Nf3+ 0-1

[Event "Kalamazoo op1"]
[Site "Kalamazoo"]
[Date "2003.09.01"]
[Round "6.4"]
[White "Aguilar, Javier"]
[Black "Paulovich, Gerald"]
[Result "1-0"]
[WhiteElo "1380"]
[BlackElo "1286"]
[PlyCount "71"]
[EventDate "2003.08.29"]
[EventType "swiss"]
[EventRounds "7"]
[EventCountry "USA"]
[SourceTitle "EXT 2007"]
[Source "ChessBase"]
[SourceDate "2006.11.23"]
[SourceVersion "1"]
[SourceVersionDate "2006.11.23"]
[SourceQuality "1"]

1. d4 Nf6 2. e3 d5 3. Bd3 e6 4. f4 c5 5. c3 Nc6 6. Nf3 c4 7. Bc2 a5 8. 0-0 b5 9. Nbd2 b4 10. Ne5 Qb6 11. Nxc6 Qxc6 12. Ba4 Qxa4 13. Qxa4+ Bd7 14. Qd1 a4 15. Nf3 b3 16. a3 Rb8 17. Ne5 Bc8 18. f5 exf5 19. Rf4 g5 20. Rf3 g4 21. Rf4 Bh6 22. Qf1 Bxf4 23. Qxf4 Rb7 24. Nc6 Kf8 25. Qe5 Kg7 26. Qf4 Ne4 27. Qe5+ Nf6 28. Qf4 Ne4 29. Rb1 h5 30. Nb4 Rd7 31. Qxf5 Re7 32. Qxd5 Rh6 33. Qd8 h4 34. Qxe7 Bf5 35. Qe5+ Rf6 36. Nd5 1-0

[Event "Kalamazoo op1"]
[Site "Kalamazoo"]
[Date "2003.08.31"]
[Round "5.1"]
[White "Brereton, Justin"]
[Black "Aguilar, Javier"]
[Result "1-0"]
[WhiteElo "1310"]
[BlackElo "1380"]
[PlyCount "59"]
[EventDate "2003.08.29"]
[EventType "swiss"]
[EventRounds "7"]
[EventCountry "USA"]
[SourceTitle "EXT 2007"]
[Source "ChessBase"]
[SourceDate "2006.11.23"]
[SourceVersion "1"]
[SourceVersionDate "2006.11.23"]
[SourceQuality "1"]

1. e4 c6 2. d4 d5 3. exd5 cxd5 4. c4 Nf6 5. Nc3 Bf5 6. Nf3 e6 7. cxd5 Nxd5 8. Bb5+ Nc6 9. Ne5 Qb6 10. Bxc6+ bxc6 11. 0-0 Be7 12. Na4 Qc7 13. Bd2 Rc8 14. Rc1 Qb7 15. b3 f6 16. Nc4 0-0 17. Nc5 Qc7 18. Ba5 Nb6 19. g4 Bg6 20. Nxe6 Qd7 21. Nxf8 Qd5 22. Nxg6 hxg6 23. Bxb6 Kf7 24. Bc5 Rh8 25. Bxe7 Kxe7 26. Qe2+ Kf7 27. Rfe1 Qd7 28. Na5 Qc7 29. Qe6+ Kf8 30. Qe8# 1-0

[Event "Lansing op"]
[Site "Lansing"]
[Date "2002.08.31"]
[Round "2"]
[White "Aguilar, Javier"]
[Black "Lawitzke, John"]
[Result "1-0"]
[WhiteElo "1213"]
[BlackElo "896"]
[PlyCount "79"]
[EventDate "2002.08.30"]
[EventType "swiss"]
[EventRounds "7"]
[EventCountry "USA"]
[SourceTitle "EXT 2007"]
[Source "ChessBase"]
[SourceDate "2006.11.23"]
[SourceVersion "1"]
[SourceVersionDate "2006.11.23"]
[SourceQuality "1"]

1. d4 Nf6 2. c4 e6 3. g3 d5 4. Bg2 Be7 5. e3 0-0 6. Nf3 Nbd7 7. c5 Ne4 8. 0-0 f5 9. b4 a6 10. Bb2 h6 11. Nc3 Kh7 12. Ne2 Ng5 13. Nf4 Nxf3+ 14. Bxf3 Nf6 15. a4 Bd7 16. Nd3 Ng4 17. Bxg4 fxg4 18. Ne5 h5 19. Qd3+ Rf5 20. Nxd7 Qxd7 21. b5 g6 22. Ba3 axb5 23. axb5 c6 24. bxc6 bxc6 25. Bb2 Rxa1 26. Rxa1 Rf8 27. Ra6 Rc8 28. Qa3 Qb7 29. Ra7 Qb8 30. Rxe7+ Kh6 31. Qa7 Qxb2 32. Rh7+ Kg5 33. Qe7+ Kf5 34. Rf7+ Ke4 35. Qxe6+ Kd3 36. Qxc8 Qb1+ 37. Kg2 Ke2 38. Qa6+ Kd2 39. Qf1 Qe4+ 40. f3 1-0

[Event "Detroit op"]
[Site "Detroit"]
[Date "2002.05.25"]
[Round "3"]
[White "Brooks, Randall"]
[Black "Aguilar, Javier"]
[Result "1-0"]
[WhiteElo "783"]
[BlackElo "1226"]
[PlyCount "90"]
[EventDate "2002.05.25"]
[EventType "swiss"]
[EventRounds "5"]
[EventCountry "USA"]
[SourceTitle "EXT 2007"]
[Source "ChessBase"]
[SourceDate "2006.11.23"]
[SourceVersion "1"]
[SourceVersionDate "2006.11.23"]
[SourceQuality "1"]

1. e4 c6 2. d4 d5 3. e5 e6 4. c4 Bb4+ 5. Bd2 Bxd2+ 6. Qxd2 Ne7 7. Bd3 0-0 8. Nf3 Nf5 9. 0-0 f6 10. cxd5 cxd5 11. Nc3 Nc6 12. Nb5 a6 13. Bxf5 exf5 14. Nd6 fxe5 15. dxe5 Nxe5 16. Qxd5+ Nf7 17. Ne5 Qf6 18. Nexf7 Rxf7 19. Nxf7 Qxf7 20. Qxf7+ Kxf7 21. Rac1 b5 22. Rc7+ Kf6 23. Rd1 Be6 24. Rd6 Ke5 25. Rcc6 Bxa2 26. Rxa6 Rc8 27. h4 Rc1+ 28. Kh2 Rc2 29. f4+ Kxf4 30. Rxa2 Rc4 31. Rd7 Ke3 32. Ra3+ Kf2 33. Rd2+ Ke1 34. Rd7 Rxh4+ 35. Kg1 Rb4 36. Ra1+ Ke2 37. Rxg7 Rxb2 38. Rxh7 b4 39. Rf7 b3 40. Rxf5 Rc2 41. Rf2+ Kd3 42. Rxc2 bxc2 43. Kf2 Kd2 44. g4 c1Q 45. Rxc1 Kxc1 1-0

[Event "Auburn Hills op"]
[Site "Auburn Hills"]
[Date "2002.04.28"]
[Round "5"]
[White "Vasos, John"]
[Black "Aguilar, Javier"]
[Result "0-1"]
[WhiteElo "1173"]
[BlackElo "1226"]
[PlyCount "106"]
[EventDate "2002.04.26"]
[EventType "swiss"]
[EventRounds "5"]
[EventCountry "USA"]
[SourceTitle "EXT 2007"]
[Source "ChessBase"]
[SourceDate "2006.11.23"]
[SourceVersion "1"]
[SourceVersionDate "2006.11.23"]
[SourceQuality "1"]

1. d4 d5 2. Bf4 e6 3. e3 Nf6 4. c4 c6 5. c5 Be7 6. Bd3 0-0 7. Nf3 Nbd7 8. Ne5 Nxe5 9. Bxe5 Ne4 10. Nd2 Nxd2 11. Qxd2 Bf6 12. Bxf6 Qxf6 13. Qc2 g6 14. 0-0 e5 15. Qc3 e4 16. Be2 Qg5 17. Kh1 h5 18. f4 exf3 19. Bxf3 Re8 20. Rae1 Re7 21. e4 dxe4 22. Rxe4 Rxe4 23. Bxe4 Be6 24. b3 Re8 25. Qf3 Re7 26. Qf6 Qxf6 27. Rxf6 Bd5 28. Bd3 Re1+ 29. Rf1 Re3 30. Bb1 Re2 31. Rg1 Rd2 32. h3 Rxd4 33. Kh2 Rd2 34. Kg3 Kg7 35. h4 Re2 36. Kh3 Re3+ 37. g3 Rc3 38. b4 Rc4 39. a3 Rc3 40. Re1 Be6+ 41. Kg2 Rxa3 42. Kf2 Rb3 43. Ba2 Rb2+ 44. Re2 Rxe2+ 45. Kxe2 Bxa2 46. Kd3 Kf6 47. Ke4 Bd5+ 48. Kf4 b6 49. Ke3 bxc5 50. bxc5 a5 51. Kd4 a4 52. Kc3 a3 53. Kc2 a2 0-1